000 00699nam a2200277Ia 4500
005 20260324131533.0
008 008 260324s9999 xx 000 0 eng d
020 _a9780203761014
037 _aEBOOK
040 _aCRL
040 _beng
040 _cCRL
041 _2eng
041 _aeng
084 _qCRL
100 _aAir Marshall Sir Timothy Garden; Ian R. Kenyon; John Simpson
_91185876
245 0 _aDeterrence and the New Global Security Environment
260 _bTaylor and Francis
260 _c2006
365 _a
365 _b150
856 _uhttp://www.taylorfrancis.com/books/9780203761014
942 _cEBOOK
999 _c1783139
_d1783139